| 000 | 00483nam a2200133Ia 4500 | ||
|---|---|---|---|
| 005 | 20260328101455.0 | ||
| 008 | 260328s9999||||xx |||||||||||||| ||und|| | ||
| 100 | _aPresidencia de la República de Panamá | ||
| 245 | 0 |
_aCasco Antiguo de la Ciudad de Panamá : _b Manual de normas y procedimientos para su restauración y rehabilitación / _cPresidencia de la República de Panamá |
|
| 260 | _bCultural Portobelo | ||
| 300 | _a56 p. | ||
| 650 | _aLEYES Y REGLAMENTACIONES | ||
| 942 | _cBK | ||
| 999 |
_c8795 _d8795 |
||